Increasing energy and resource efficiency through innovation <an> explorative analysis using innovation survey data
Saved in:
| Main Author: | |
|---|---|
| Other Authors: | |
| Format: | Book Chapter |
| Language: | English |
| Subjects: | |
| Tags: |
No Tags, Be the first to tag this record!
|
MARC
| LEADER | 00000naa$a2200000$$$4500 | ||
|---|---|---|---|
| 001 | 0111655 | ||
| 005 | 20231010115200.6 | ||
| 041 | 0 | |a eng | |
| 044 | |a CZ | ||
| 245 | 1 | 0 | |a Increasing energy and resource efficiency through innovation |b <an> explorative analysis using innovation survey data |c Klaus Rennings, Christian Rammer |
| 610 | 2 | 0 | |a prostredie životné |
| 610 | 2 | 0 | |a energia |
| 610 | 2 | 0 | |a zdroje energie |
| 610 | 2 | 0 | |a efektívnosť |
| 610 | 2 | 0 | |a inovácia |
| 610 | 2 | 0 | |a firmy |
| 100 | 1 | |a Rennings, Klaus | |
| 700 | 1 | |a Rammer, Christian | |